Statistics for De facto Countries of the World Quiz

Click here to take the quiz!

General Stats

  • This quiz has been taken 33 times
  • The average score is 96 of 206

Answer Stats

Country% Correct
Kosovo
68%
Taiwan
65%
United Kingdom
61%
China
58%
Palestine
58%
France
58%
Spain
55%
United States
55%
Morocco
55%
Denmark
55%
Sweden
55%
Portugal
55%
Malta
55%
Canada
55%
Ireland
55%
Vatican City
55%
Finland
55%
Italy
55%
Jordan
52%
Chile
52%
Hungary
52%
Ukraine
52%
Israel
52%
Netherlands
52%
Egypt
52%
Turkmenistan
52%
Czech Republic
52%
Laos
52%
Mexico
52%
Germany
52%
Turkey
52%
Syria
52%
Cyprus
52%
Iran
52%
Norway
52%
Bosnia and
Herzegovina
52%
Algeria
52%
Andorra
52%
Argentina
52%
San Marino
52%
South Sudan
52%
Russia
52%
Belgium
52%
Uzbekistan
52%
Vietnam
52%
Uruguay
52%
Cambodia
52%
Brazil
52%
Oman
48%
Liechtenstein
48%
Libya
48%
Tanzania
48%
South Africa
48%
Latvia
48%
Saudi Arabia
48%
Kyrgyzstan
48%
Kazakhstan
48%
Serbia
48%
Japan
48%
North Korea
48%
Singapore
48%
Nigeria
48%
Afghanistan
48%
South Korea
48%
Nicaragua
48%
Monaco
48%
Panama
48%
Moldova
48%
Philippines
48%
Poland
48%
Switzerland
48%
Republic of the Congo
48%
Luxembourg
48%
Pakistan
48%
Maldives
48%
Sudan
48%
Malaysia
48%
Iraq
48%
Saint Lucia
48%
Niger
48%
Lithuania
48%
Indonesia
48%
Chad
48%
Tunisia
48%
Estonia
48%
Ecuador
48%
East Timor
48%
Democratic Republic
of the Congo
48%
Croatia
48%
Cameroon
48%
Georgia
48%
Bulgaria
48%
Belarus
48%
Venezuela
48%
Azerbaijan
48%
Yemen
48%
Armenia
48%
Albania
48%
Fiji
48%
Slovakia
48%
Iceland
48%
India
48%
Haiti
48%
Greece
48%
Guyana
48%
Paraguay
45%
Belize
45%
Bhutan
45%
Peru
45%
Lesotho
45%
Sri Lanka
45%
Brunei
45%
Guinea-Bissau
45%
Palau
45%
Myanmar
45%
Burundi
45%
Qatar
45%
Bahrain
45%
Jamaica
45%
North Macedonia
45%
Saint Kitts and Nevis
45%
Austria
45%
Saint Vincent and the
Grenadines
45%
Australia
45%
Honduras
45%
Zambia
45%
Senegal
45%
Angola
45%
Somalia
45%
Guinea
45%
Central African Republic
45%
Kenya
45%
Togo
45%
Lebanon
45%
Tajikistan
45%
Ghana
45%
Malawi
45%
Eritrea
45%
El Salvador
45%
Grenada
45%
Kuwait
45%
Mauritania
45%
Dominican Republic
45%
Dominica
45%
Djibouti
45%
Mongolia
45%
Slovenia
45%
Colombia
45%
United Arab Emirates
45%
New Zealand
45%
Suriname
45%
Montenegro
45%
Swaziland
45%
Mozambique
45%
Cuba
45%
Namibia
45%
Tuvalu
42%
South Ossetia
42%
Thailand
42%
Uganda
42%
Vanuatu
42%
Transnistria
42%
Solomon Islands
42%
Trinidad and Tobago
42%
Zimbabwe
42%
Ivory Coast
42%
Costa Rica
42%
Equatorial Guinea
42%
Botswana
42%
Gabon
42%
Gambia
42%
Seychelles
42%
Guatemala
42%
Bolivia
42%
Benin
42%
Barbados
42%
Madagascar
42%
Mali
42%
Marshall Islands
42%
Mauritius
42%
Nauru
42%
Nepal
42%
Northern Cyprus
42%
Papua New Guinea
42%
Romania
42%
Rwanda
42%
Bangladesh
42%
Samoa
42%
Bahamas
42%
Antigua and Barbuda
42%
Burkina Faso
39%
Cape Verde
39%
Sierra Leone
39%
Tonga
39%
Comoros
39%
Federated States of
Micronesia
39%
Kiribati
39%
Liberia
39%
São Tomé and Príncipe
39%
Somaliland
39%
Ethiopia
35%
Abkhazia
35%
Artsakh
29%
Donetsk
10%
Sahrawi Republic
10%
Lugansk
6%

Score Distribution

Percentile by Number Answered

Percent of People with Each Score

Your Score History

You have not taken this quiz